แสดงรายละเอียดบรรณานุกรม
  กลับหน้าหลัก

Brief Record : Get Marc (ISO 2709) : E-mail record : QR code ปิดหน้าต่าง
LEADER 00000nam 2200000uu 4500
008    110902s2553||||th 000 0 tha d
060  0 วจ QU 145 จ651 2553.
100 0  ^aจุรีรัตน์ ห่อเกียรติ...[และคนอื่นๆ].
245 00 ^aรายงานวิจัยเรื่อง ความคิดเห็นเกี่ยวกับการแสดงข้อมูลโภชนาการเพิ่มเติม (กลุ่มหน่วยงาน)./^bจุรีรัตน์ ห่อเกียรติ...[และคนอื่นๆ].
260    ^aกรุงเทพฯ : ^bสำนักอาหาร สำนักงานคณะกรรมการอาหารและยา,^c2553.
300    ^aจำนวน 68 หน้า ;^bภาพประกอบ.
650  0 ^aโภชนการ - - ^xวิจัย.
650  0 ^aวิจัย.
700 0  ^aจุรีรัตน์ ห่อเกียรติ.
710 1  ^aสำนักงานคณะกรรมการอาหารและยา. สำนักอาหาร.
710 1  ^aเครือข่ายเด็กไทยไม่กินหวาน.
999    ^aใช้งานได้ทุกระบบ
รายการนี้ยังไม่มีแท็ก
คุณยังไม่ได้ล็อกอิน คุณสามารถมีกิจกรรมร่วมกับเว็บไซต์ได้ แต่ต้องล็อกอินก่อน ::
  ล็อกอิน
ลำดับที่ ประเภท เลขเรียก สถานที่ สถานะ
1. งานวิจัย
งานวิจัย
วจ QU 145 จ651 2553.  
  
หนังสือทั่วไป On Shelf
  ขอยืม
   [แสดง 1/1 รายการ]

รายการใกล้เคียง
    ผู้แต่ง [จุรีรัตน์ ห่อเกียรติ...[และคนอื่นๆ].]

    หัวเรื่อง [วิจัย.]

BibComment


ยังไม่เคยถูกคอมเมนท์

คอมเมนท์ทรัพยากรรายการนี้
  คอมเมนท์: รายงานวิจัยเรื่อ..
Bib 206361

 
 
 

 Union Library Management : ULibM
Copyright 2026. All Rights Reserved.
скачать бесплатно без регистрации порно красивый секс HD Sex Hindi sex

xxx gou

xxxx

bfxxx

xxxwww

Секса Видео

xxxx

Секса Видео

detube

geilexxx

C99 Shell

worms shell

blod xxx video
Ebony Coed Rihanna Rimes Takes A Dick In Her Young Twat priyaa indian fuck anal and pusssy hardcore indian women xxx desi hardcore fucking part 1 bengalixxxcouple